Vista normal
Vista MARC
Entrada Topical Term
Número de registros utilizados en: 1
001 - CONTROL NUMBER
- control field: 39508
003 - CONTROL NUMBER IDENTIFIER
- control field: OSt
005 - DATE AND TIME OF LATEST TRANSACTION
- control field: 20210819152927.0
008 - FIXED-LENGTH DATA ELEMENTS
- fixed length control field: 210819|| aca||aabn | a|a d
040 ## - CATALOGING SOURCE
- Original cataloging agency: OSt
- Transcribing agency: OSt
150 ## - HEADING--TOPICAL TERM
- Topical term or geographic name entry element: Efectos de la inflación
670 ## - SOURCE DATA FOUND
- Source citation: Work cat.: (OSt)12223: Trevithic, James A., autor 27626, Economía de la inflación / , 1979.